000 00577nam a2200229Ia 4500
003 OSt
005 20220918205537.0
006 a|||||r|||| 00| 0
007 ta
008 220917b |||||||| |||| 00| 0 eng d
024 _a116,960
037 _cTextual
040 _aARTS
_cARTS
_beng
041 _2eng
_aeng
082 _aV631:41:N0, D0 (906)
100 _aStickney Albert
_9115430
245 0 _aTransvaal outlook
260 _c1900
650 _aHISTORY
942 _hV631:41:N0, D0 (906)
_cTEXL
_2CC
999 _c240279
_d240279